| 000 | 00511cam a2200193ua 4500 | ||
|---|---|---|---|
| 001 | 613 | ||
| 008 | 110409n ii |||gr||||Z||||||eng | ||
| 020 | _a81-7339-023-1 | ||
| 040 | _cMAIN | ||
| 082 | _a320.50954 | ||
| 245 |
_aAdhunik bharatiya rajnaitik chintadhara. _cBy Purandar Gogoi. |
||
| 250 | _a1st. | ||
| 260 |
_aDibrugarh.: _bBanalata.,993. |
||
| 300 | _a287 p.:5 cm. | ||
| 653 | _aPolitical science. | ||
| 653 | _aAdhunik bharatiya rajnaitik chintadhara. | ||
| 700 | _aGogoi, Purandar., | ||
| 942 | _cBK | ||
| 999 |
_c544 _d544 |
||